South Eastern Kenya University

Library Online Public Access Catalogue


Engineering statistics (Record no. 10440)

MARC details
000 -LEADER
fixed length control field 00985cam a2200265 a 4500
001 - CONTROL NUMBER
control field 1182531
003 - CONTROL NUMBER IDENTIFIER
control field OSt
005 - DATE AND TIME OF LATEST TRANSACTION
control field 20160205095052.0
008 - FIXED-LENGTH DATA ELEMENTS--GENERAL INFORMATION
fixed length control field 970825s1998 nyua b 001 0 eng
020 ## - INTERNATIONAL STANDARD BOOK NUMBER
International Standard Book Number 0471170267
040 ## - CATALOGING SOURCE
Original cataloging agency SEKU
050 00 - LIBRARY OF CONGRESS CALL NUMBER
Classification number QA 276.12
Item number .M6
100 1# - MAIN ENTRY--PERSONAL NAME
Personal name Montgomery, Douglas C.
245 10 - TITLE STATEMENT
Title Engineering statistics
Statement of responsibility, etc. Douglas C. Montgomery, George C. Runger, Norma Faris Hubele.
260 ## - PUBLICATION, DISTRIBUTION, ETC. (IMPRINT)
Place of publication, distribution, etc. New York :
Name of publisher, distributor, etc. Wiley,
Date of publication, distribution, etc. c1998.
300 ## - PHYSICAL DESCRIPTION
Extent 1 v. (various pagings) :
Other physical details ill.
500 ## - GENERAL NOTE
General note "The book is based on a more comprehensive text [Montgomery, D.C. and Runger, G.C., Applied statistics and probability for engineers, John Wiley & Sons, New York, 1994]."--Preface.
504 ## - BIBLIOGRAPHY, ETC. NOTE
Bibliography, etc Includes bibliographical references
650 #0 - SUBJECT ADDED ENTRY--TOPICAL TERM
Topical term or geographic name as entry element Statistics.
650 #0 - SUBJECT ADDED ENTRY--TOPICAL TERM
Topical term or geographic name as entry element Probabilities.
700 1# - ADDED ENTRY--PERSONAL NAME
Personal name Runger, George C.
700 1# - ADDED ENTRY--PERSONAL NAME
Personal name Hubele, Norma Faris,
Dates associated with a name 1953-
700 1# - ADDED ENTRY--PERSONAL NAME
Personal name Montgomery, Douglas C.
Title of a work Applied statistics and probability for engineers
942 ## - ADDED ENTRY ELEMENTS (KOHA)
Source of classification or shelving scheme Library of Congress Classification
Koha item type General circulation
Holdings
Withdrawn status Lost status Source of classification or shelving scheme Damaged status Not for loan Home library Current library Shelving location Date acquired Source of acquisition Total Checkouts Full call number Barcode Date last seen Price effective from Koha item type
    Library of Congress Classification     Mtito Andei Centre Library Mtito Andei Centre Library General Stacks 05/02/2016 Donation-Books for Africa   QA 276.12 .M6 2016/014215 05/02/2016 05/02/2016 General circulation
Kitui, Kenya.
+254736116989
library@seku.ac.ke